000 00470nam a2200169Ia 4500
003 GCL
008 140319s9999 xx 000 0 eng d
040 _aGCL /
_cGCL
082 0 4 _a621.3744
_bB E
100 1 _aBOTTON, W.
245 1 0 _aELECTRICAL AND ELECTRONIC MEASUREMENT AND TESTING /
_cBOTTON, W.
260 _a[S.N] :
_bLONGMAN SCIENTIFIC AND TECHNICAL ،
_c1992
300 _a268 P
650 0 4 _aELECTRONICS
650 0 4 _aELECTRIC ENGINEERING
942 _2ddc
_cBK
999 _c21194
_d21194